000 00658nam a2200217 a 4500
001 000025896
003 DO-SdBNP
005 20250501120733.0
008 110224s1999 dr 000 0 spa d
020 _a8493063899
040 _aDO-SdBNP
_bspa
_cBNPHU
049 _aBNPD
100 1 _a Galíndez, Jesús de,
_d1915-1956
_983901
245 1 0 _aJesús de Galíndez :
_bun reportaje sobre Santo Domingo /
_cJesús de Galíndez.
260 _aSanto Domingo :
_bEditora Cole,
_c1999.
300 _a49 p. ;
_c21 cm.
490 1 _aCuaderno américanos
_v80
_vno. 2
650 1 0 _aDemografía
_945443
830 0 _aCuaderno américanos
_952754
942 _2ddc
_cLBS1
999 _c25388
_d25388